| 000 | 00794nam a22002417a 4500 | ||
|---|---|---|---|
| 001 | 13075 | ||
| 003 | HDC | ||
| 007 | cr bn --- | ||
| 008 | 210212 my |0 eneng | ||
| 040 | _aHDC | ||
| 245 | 0 |
_aNew food : _bFood Grade Lubricants Supplement |
|
| 260 |
_a[No place] : _bKlΓö£Γò¥ber Lubrication, _c[no year] |
||
| 300 | _a17 pages | ||
| 336 |
_atext _2rdacontent |
||
| 337 |
_acomputer _2rdamedia |
||
| 338 |
_aonline resource _2rdacarrier |
||
| 650 |
_afood grade lubricants _913915 |
||
| 650 |
_aLubricant suppliers _913914 |
||
| 856 | _zRequest full-text at [email protected] | ||
| 942 | _2lcc | ||
| 942 | _cEBOOK | ||
| 942 | _kEBOK 002046 | ||
| 999 |
_c10391 _d10391 |
||